<?xml version="1.0" encoding="UTF-8"?>
<record
    xmlns:xsi="http://www.w3.org/2001/XMLSchema-instance"
    xsi:schemaLocation="http://www.loc.gov/MARC21/slim http://www.loc.gov/standards/marcxml/schema/MARC21slim.xsd"
    xmlns="http://www.loc.gov/MARC21/slim">

  <leader>00971nam a22001457a 4500</leader>
  <datafield tag="999" ind1=" " ind2=" ">
    <subfield code="c">523928</subfield>
    <subfield code="d">523928</subfield>
  </datafield>
  <controlfield tag="008">231016b           ||||| |||| 00| 0 eng d</controlfield>
  <datafield tag="100" ind1=" " ind2=" ">
    <subfield code="a">Mehta, S.K.</subfield>
    <subfield code="9">44153</subfield>
  </datafield>
  <datafield tag="245" ind1=" " ind2=" ">
    <subfield code="a">Port infrastructure in Gujarat </subfield>
  </datafield>
  <datafield tag="260" ind1=" " ind2=" ">
    <subfield code="a">Yojana  </subfield>
  </datafield>
  <datafield tag="300" ind1=" " ind2=" ">
    <subfield code="a">67(10), Oct, 2023: p.35-39   </subfield>
  </datafield>
  <datafield tag="520" ind1=" " ind2=" ">
    <subfield code="a">PM Gatishakit national master plan which has the objective of increasing logistical efficiency also includes comprehensive port connectivity project. The Gujarat maritime cluster aims to bring together the maritime service provides financial institutions, the relevant government regulatory agencies and academicians to accelerate integrated maritime sector development. In the order to develop port sector, Gujarat aims to create a maritime environment that boosts confidence in global maritime players, attracts investment, provides stability, and creates a world class competitive maritime ecosystem. &#x2013; Reproduced  </subfield>
  </datafield>
  <datafield tag="773" ind1=" " ind2=" ">
    <subfield code="a">Yojana  </subfield>
  </datafield>
  <datafield tag="906" ind1=" " ind2=" ">
    <subfield code="a">TRANSPORT</subfield>
  </datafield>
  <datafield tag="942" ind1=" " ind2=" ">
    <subfield code="c">AR</subfield>
  </datafield>
  <datafield tag="952" ind1=" " ind2=" ">
    <subfield code="0">0</subfield>
    <subfield code="1">0</subfield>
    <subfield code="2">ddc</subfield>
    <subfield code="4">0</subfield>
    <subfield code="7">0</subfield>
    <subfield code="9">398977</subfield>
    <subfield code="a">IIPA</subfield>
    <subfield code="b">IIPA</subfield>
    <subfield code="d">2023-10-16</subfield>
    <subfield code="h">67(10), Oct, 2023: p.35-39   </subfield>
    <subfield code="p">AR129813</subfield>
    <subfield code="r">2023-10-16</subfield>
    <subfield code="y">AR</subfield>
  </datafield>
</record>
